Ninjago Postacie Sezon 4: Turniej Żywiołów - Statystyki

Ogólne statystyki
  • Ten quiz został rozwiązany 51 razy
  • Średni wynik to 140 z 212
Statystyki odpowiedzi
Odcinek Postać % Poprawnych
Kai
100%
Chen
98%
Cole
98%
Jay
98%
Lloyd Garmadon
98%
Garmadon
95%
Lloyd Garmadon
95%
Wu
93%
Nya
91%
Zane
91%
Misako
86%
Skylor
82%
Karlof
80%
Dareth
77%
3."Przeciwnicy" | 4."Pojedynek na rolkach" | 8."Dzień Smoka" Ash
73%
Clouse
66%
Griffin Turner
61%
Neuro
57%
PIXAL
57%
Tox
57%
2."Tylko jeden zwycięży" Bolobo
55%
Pythor
55%
Jacob Pevsner
52%
Gravis
50%
Shade
50%
Morro
45%
Mr. Pale
41%
10."Wąwóz Wielkich" | 6."Zaklęcie" Arcturus
36%
Eyezor
32%
Chamille
30%
Zugu
27%
Skales
25%
Mystake
23%
Cyrus Borg
20%
Chope
14%
Kapau
14%
Kruncha
14%
Nuckal
14%
5."Szpiedzy są wśród nas" Auto
9%
Sleven
9%
Soto
9%
Krait
7%
Rufus McCallister
5%
Mezmo
2%
Noble
2%
1."Zaproszenie" Cathy
0%
Cliff Gordon
0%
Frakjaw
0%
Nie znaleziono quizów pasujących do podanych kryteriów
Rozkład punktacji
Procent ludzi z każdym wynikiem
Percentyl według liczby udzielonych odpowiedzi
Twoja historia wyników
Nie rozwiązałeś tego quizu